Southville International School and Colleges
Your cart is empty.
  • Cart
  • Lists
    Public lists Eva Luna New books Lux_list list_1
    Your lists Log in to create your own lists
  • Log in to your account
  • Your cookies
  • Search history
Southville International School and Colleges
  • Advanced search
  • Recent comments
  • Most popular
  • Libraries

Log in to your account

Log in with GOOGLE


If you do not have an external account, but do have a local account, you can still log in:

  1. Home
  2. MARC view: Mythical monsters :
Normal view MARC view ISBD view

Mythical monsters : (Record no. 34792)

[ view plain ]
MARC details
000 -LEADER
fixed length control field 01120cam a22003377a 4500
001 - CONTROL NUMBER
control field 14630606
003 - CONTROL NUMBER IDENTIFIER
control field OSt
005 - DATE AND TIME OF LATEST TRANSACTION
control field 20140310184504.0
008 - FIXED-LENGTH DATA ELEMENTS--GENERAL INFORMATION
fixed length control field 061109s2006 nyua j 001 0 eng d
010 ## - LIBRARY OF CONGRESS CONTROL NUMBER
LC control number 2006285854
020 ## - INTERNATIONAL STANDARD BOOK NUMBER
International Standard Book Number 0439854792
020 ## - INTERNATIONAL STANDARD BOOK NUMBER
International Standard Book Number 9780439854795
035 ## - SYSTEM CONTROL NUMBER
System control number (OCoLC)ocm71838782
040 ## - CATALOGING SOURCE
Original cataloging agency TDS
Transcribing agency TDS
Modifying agency DLC
042 ## - AUTHENTICATION CODE
Authentication code lccopycat
050 00 - LIBRARY OF CONGRESS CALL NUMBER
Classification number GR 820
Item number .M97 2008
082 00 - DEWEY DECIMAL CLASSIFICATION NUMBER
Classification number 398.24/54
245 00 - TITLE STATEMENT
Title Mythical monsters :
Remainder of title the scariest creatures from legends, books, and movies /
Statement of responsibility, etc Chris McNab, general editor.
260 ## - PUBLICATION, DISTRIBUTION, ETC. (IMPRINT)
Place of publication, distribution, etc New York, NY :
Name of publisher, distributor, etc Tangerine Press :
-- Scholastic,
Date of publication, distribution, etc c2008.
300 ## - PHYSICAL DESCRIPTION
Extent 95 p. :
Other physical details col. ill. ;
Dimensions 22 x 29 cm.
521 ## - TARGET AUDIENCE NOTE
Target audience note
526 ## - STUDY PROGRAM INFORMATION NOTE
Reading level 880
650 #0 - SUBJECT ADDED ENTRY--TOPICAL TERM
Topical term or geographic name as entry element Animals, Mythical
Form subdivision Juvenile literature.
9 (RLIN) 28831
650 #0 - SUBJECT ADDED ENTRY--TOPICAL TERM
Topical term or geographic name as entry element Monsters
Form subdivision Juvenile literature.
9 (RLIN) 28832
650 #0 - SUBJECT ADDED ENTRY--TOPICAL TERM
Topical term or geographic name as entry element Animals
Form subdivision Folklore.
9 (RLIN) 28833
700 1# - ADDED ENTRY--PERSONAL NAME
Personal name McNab, Chris.
9 (RLIN) 10267
906 ## - LOCAL DATA ELEMENT F, LDF (RLIN)
a 7
b cbc
c copycat
d 2
e ncip
f 20
g y-gencatlg
942 ## - ADDED ENTRY ELEMENTS (KOHA)
Source of classification or shelving scheme Library of Congress Classification
Koha item type
Holdings
Withdrawn status Lost status Source of classification or shelving scheme Damaged status Home library Current library Shelving location Date acquired Total Checkouts Full call number Barcode Date last seen Date checked out Copy number Price effective from Koha item type
    Library of Congress Classification   Luxembourg Library Luxembourg Library Scholastic Reading Center Section 10/12/2013 1 GR 820 .M97 2008 LEX3115 04/18/2017 09/26/2014 1 10/12/2013 Books

Mythical monsters :

APA

McNab C., . (2008). Mythical monsters. New York, NY: Tangerine Press.

Chicago

McNab Chris, . 2008. Mythical monsters. New York, NY: Tangerine Press.

Harvard

McNab C., . (2008). Mythical monsters. New York, NY: Tangerine Press.

MLA

McNab Chris, . Mythical monsters. New York, NY: Tangerine Press. 2008.

  • Place hold
  • Print
  • Cite
  • Add to your cart (remove)
  • Save record
    BIBTEX Dublin Core MARCXML MARC (non-Unicode/MARC-8) MARC (Unicode/UTF-8) MARC (Unicode/UTF-8, Standard) MODS (XML) RIS
  • More searches
    Search for this title in:
    Other Libraries (WorldCat) Other Databases (Google Scholar) Online Stores (Bookfinder.com) Open Library (openlibrary.org)

Exporting to Dublin Core...

SOUTHVILLE LIBRARY

Southville International School and Colleges Library

1281 Tropical Ave. Cor. Luxembourg St., BF Homes International, Las Pinas City

Tel. No. 8256374 / 252358 Loc. 117/146

Powered by Koha